000 00765nam a2200265Ia 4500
003 OSt
005 20220925215211.0
006 a|||||r|||| 00| 0
007 ta
008 220923b |||||||| |||| 00| 0 eng d
020 _a0435973908
037 _cGeneral Book
040 _aRTL
_cRTL
_beng
041 _2eng
_aeng
082 _aY:5:(B).6.N8, M2
100 _aKpedecpo G M K
_9282390
245 0 _aEssentials of demographic analysis for Africa
260 _aLondon
_bHeinemann
_c1982
300 _axii,210p
_ccm.
490 _aStudies in the Economics of Africa
500 _aBibliography chapterwise
650 _aFamily Planning
_9231810
942 _hY:5:(B).6.N8, M2
_cGB
_2CC
999 _c568206
_d568206